Cases in E-commerce / (Record no. 344354)
[ view plain ]
| 000 -LEADER | |
|---|---|
| fixed length control field | 01004 a2200229 4500 |
| 020 ## - INTERNATIONAL STANDARD BOOK NUMBER | |
| International Standard Book Number | 0072500956 |
| 020 ## - INTERNATIONAL STANDARD BOOK NUMBER | |
| International Standard Book Number | 9780072500950 |
| 082 04 - DEWEY DECIMAL CLASSIFICATION NUMBER | |
| Classification number | 658.84 |
| 090 ## - LOCALLY ASSIGNED LC-TYPE CALL NUMBER (OCLC); LOCAL CALL NUMBER (RLIN) | |
| -- | 1843 |
| -- | 1843 |
| 100 1# - MAIN ENTRY--PERSONAL NAME | |
| Personal name | Rayport, Jeffrey F. |
| 245 10 - TITLE STATEMENT | |
| Title | Cases in E-commerce / |
| Statement of responsibility, etc. | Jeffrey F. Rayport. |
| 250 ## - EDITION STATEMENT | |
| Edition statement | 1st ed. |
| 260 ## - PUBLICATION, DISTRIBUTION, ETC. | |
| Place of publication, distribution, etc. | [S.l.] : |
| Name of publisher, distributor, etc. | McGraw-Hill/Irwin, |
| Date of publication, distribution, etc. | 2001. |
| 300 ## - PHYSICAL DESCRIPTION | |
| Extent | 656 p. ; |
| Dimensions | 26 cm. |
| 500 ## - GENERAL NOTE | |
| General note | Hardcover. |
| 520 ## - SUMMARY, ETC. | |
| Summary, etc. | 37 Harvard-style cases featuring top companies competing in the New Economy. Cases are organized to facilitate discussion of the decision-making process for formulating New Economy enterprise strategy. The presentation mirrors the organization of the eCommerce textbook written by the authors. |
| 700 1# - ADDED ENTRY--PERSONAL NAME | |
| Personal name | Jaworski, Bernard J. |
| 700 1# - ADDED ENTRY--PERSONAL NAME | |
| Personal name | Rayport, Jeffrey. |
| 856 40 - ELECTRONIC LOCATION AND ACCESS | |
| Materials specified | Amazon.com |
| Uniform Resource Identifier | <a href="http://www.amazon.com/exec/obidos/ASIN/0072500956/chopaconline-20">http://www.amazon.com/exec/obidos/ASIN/0072500956/chopaconline-20</a> |
| 856 40 - ELECTRONIC LOCATION AND ACCESS | |
| Materials specified | Amazon customer reviews |
| Uniform Resource Identifier | <a href="http://www.chopac.org/cgi-bin/tools/azrev.pl?q=0072500956">http://www.chopac.org/cgi-bin/tools/azrev.pl?q=0072500956</a> |
| 942 ## - ADDED ENTRY ELEMENTS (KOHA) | |
| Institution code [OBSOLETE] | NBS |
| Koha item type | Book |
| Call number prefix | 658.8 RAY |
| Withdrawn status | Lost status | Damaged status | Not for loan | Permanent Location | Current Location | Date acquired | Total Checkouts | Full call number | Barcode | Date last seen | Date last checked out | Price effective from | Koha item type |
|---|---|---|---|---|---|---|---|---|---|---|---|---|---|
| Central Library (CL) | Central Library (CL) | 08/28/2013 | 2 | 658.8 RAY | NBS4608 | 09/26/2016 | 01/01/2015 | 08/28/2013 | Book |
